[Event "GER-chT School WK H+R"]
[Site "Playchess.com INT"]
[Date "2020.06.17"]
[Round "4.4"]
[White "Cicak, Cedric"]
[Black "Flamm, Theo"]
[Result "1-0"]
[WhiteElo "1554"]
[BlackElo "1480"]
[PlyCount "81"]
[EventDate "2020.06.10"]
[EventType "team-swiss (blitz)"]
[EventRounds "7"]
[EventCountry "GER"]
[SourceTitle "EXT 2021"]
[Source "ChessBase"]
[SourceDate "2020.10.23"]
[SourceVersion "1"]
[SourceVersionDate "2020.10.23"]
[SourceQuality "1"]
[WhiteTeam "Bad Krozingen Max Planck"]
[BlackTeam "Pfullingen Hauff Realschule"]
[WhiteTeamCountry "GER"]
[BlackTeamCountry "GER"]

1. e4 c5 2. Nf3 Nf6 3. Bd3 d6 4. c4 Nc6 5. a3 a5 6. Nc3 Bg4 7. Nd5 Nd4 8. Be2 a4 9. Nxd4 Bf3 10. Nxf6+ gxf6 11. Nxf3 d5 12. d3 Qa5+ 13. Bd2 Qc7 14. cxd5 h5 15. d4 c4 16. Rc1 Bh6 17. Bxh6 Rxh6 18. Rxc4 Qa5+ 19. Qd2 Rg6 20. Qxa5 Rxa5 21. Rc5 Ra8 22. e5 fxe5 23. Bd3 e4 24. Bxe4 Rb6 25. Ne5 Rxb2 26. 0-0 b6 27. Rc2 Rb3 28. Rfc1 Kf8 29. Nd7+ Kg7 30. Rc3 Rb2 31. Rg3+ Kh6 32. Ne5 Rf8 33. Nxf7+ Rxf7 34. Rb1 Ra2 35. h3 h4 36. Rg4 Rfxf2 37. Rxb6+ Kh5 38. Bg6+ Kh6 39. Bf7+ Kh7 40. Rxh4+ Kg7 41. Rg4+ 1-0

[Event "GER-chT School WK H+R"]
[Site "Playchess.com INT"]
[Date "2020.06.17"]
[Round "7.4"]
[White "Flamm, Theo"]
[Black "Jacob, Phil"]
[Result "0-1"]
[WhiteElo "1480"]
[BlackElo "1817"]
[PlyCount "104"]
[EventDate "2020.06.10"]
[EventType "team-swiss (blitz)"]
[EventRounds "7"]
[EventCountry "GER"]
[SourceTitle "EXT 2021"]
[Source "ChessBase"]
[SourceDate "2020.10.23"]
[SourceVersion "1"]
[SourceVersionDate "2020.10.23"]
[SourceQuality "1"]
[WhiteTeam "Pfullingen Hauff Realschule"]
[BlackTeam "Ahlen Fritz"]
[WhiteTeamCountry "GER"]
[BlackTeamCountry "GER"]

1. d4 Nf6 2. Nc3 g6 3. Bf4 Bg7 4. Nf3 d6 5. e4 Nbd7 6. Bc4 0-0 7. 0-0 Re8 8. Ng5 e6 9. d5 e5 10. Bg3 Nb6 11. Bb5 Bd7 12. Qe2 Nh5 13. Bh4 Nf4 14. Qf3 Bxb5 15. Nxb5 Qd7 16. Nc3 Nc4 17. g3 Nd2 18. Qe3 Nxf1 19. Kxf1 Nh3 20. Rd1 Nxg5 21. Qxg5 h6 22. Qe3 Qh3+ 23. Kg1 Qg4 24. Rd2 Qd7 25. a4 c6 26. b3 cxd5 27. Nxd5 Qe6 28. Nc7 Qd7 29. Nxe8 Qxe8 30. f4 exf4 31. gxf4 Qc6 32. c4 Re8 33. Rd5 f5 34. e5 dxe5 35. fxe5 g5 36. Bf2 f4 37. Qe4 b6 38. Bd4 Qe6 39. Qf3 Qf5 40. h3 Bxe5 41. Bxe5 Rxe5 42. Rd8+ Kg7 43. Qb7+ Kg6 44. Rg8+ Kh5 45. Qf3+ Kh4 46. Rh8 Qb1+ 47. Kg2 Qc2+ 48. Kf1 Qc1+ 49. Kg2 Qd2+ 50. Qf2+ Qxf2+ 51. Kxf2 Kxh3 52. Rxh6+ Kg4 0-1